[Event "DEN-ch Kort1 Gr-2"]
[Site "Svendborg"]
[Date "2022.04.11"]
[Round "4"]
[White "Nielsen, Ture Jungberg"]
[Black "Nielsen, Mads Emanuel"]
[Result "1/2-1/2"]
[WhiteElo "1649"]
[BlackElo "1610"]
[PlyCount "68"]
[EventDate "2022.04.09"]
[EventType "swiss"]
[EventRounds "5"]
[EventCountry "DEN"]
[SourceTitle "EXT 2024"]
[Source "ChessBase"]
[SourceDate "2023.10.10"]
[SourceVersion "1"]
[SourceVersionDate "2023.10.10"]
[SourceQuality "1"]

1. d4 d5 2. c4 e6 3. Nc3 Nf6 4. Bg5 Be7 5. e3 h6 6. Bh4 0-0 7. Nf3 Nbd7 8. Bd3 dxc4 9. Bxc4 c5 10. 0-0 cxd4 11. Nxd4 Nb6 12. Bb3 a6 13. Qf3 e5 14. Nf5 Bxf5 15. Qxf5 Nfd7 16. Bg3 Bf6 17. Rfd1 Qe7 18. Ne4 Nc5 19. Nxc5 Qxc5 20. Bc2 Rfd8 21. Rxd8+ Rxd8 22. Be4 Qd6 23. Qf3 Nc4 24. Bxb7 Nxb2 25. Qe2 a5 26. h3 Qd2 27. Re1 Qxe2 28. Rxe2 Na4 29. f3 Nc5 30. Bc6 Rd6 31. Bb5 Rb6 32. Bc4 Rb1+ 33. Be1 Rc1 34. Bb5 Rb1 1/2-1/2

[Event "DEN-ch U14 rapid"]
[Site "Odense"]
[Date "2020.11.20"]
[Round "2"]
[White "Nielsen, Ture Jungberg"]
[Black "Nielsen Refs, Karl Emil Elmer"]
[Result "1-0"]
[WhiteElo "1758"]
[BlackElo "1525"]
[PlyCount "125"]
[EventDate "2020.11.20"]
[EventType "swiss"]
[EventRounds "5"]
[EventCountry "DEN"]
[SourceTitle "EXT 2024"]
[Source "ChessBase"]
[SourceDate "2023.10.10"]
[SourceVersion "1"]
[SourceVersionDate "2023.10.10"]
[SourceQuality "1"]

1. c4 c5 2. Nc3 Nf6 3. g3 g6 4. Bg2 Bg7 5. e3 Nc6 6. Nge2 0-0 7. 0-0 d6 8. d4 cxd4 9. exd4 Bf5 10. a3 Rc8 11. Bf4 Qd7 12. Rc1 Na5 13. b3 Bh3 14. d5 Bxg2 15. Kxg2 Nh5 16. Be3 e5 17. Bxa7 f5 18. f3 f4 19. g4 Nf6 20. h3 g5 21. Nb5 h5 22. Nec3 hxg4 23. hxg4 Rf7 24. Bb6 Rcf8 25. Bxa5 e4 26. Nxe4 Nxe4 27. Nd4 Bxd4 28. Qxd4 Nf6 29. Bc3 Rh7 30. Rh1 Nxg4 31. Qh8+ Rxh8 32. Rxh8+ Kf7 33. Rh7+ Ke8 34. Rxd7 Ne3+ 35. Kf2 Kxd7 36. Rg1 Rf5 37. Bd4 Nc2 38. Bb6 Nxa3 39. Rc1 Rf8 40. Bd4 b5 41. Bb2 bxc4 42. Bxa3 cxb3 43. Rc6 b2 44. Rxd6+ Kc7 45. Rc6+ Kd7 46. Bxb2 Rf5 47. Rc4 Rxd5 48. Rd4 Rxd4 49. Bxd4 Ke6 50. Kg2 Kf7 51. Kh3 Kg6 52. Kg4 Kh6 53. Bf6 Kh7 54. Bxg5 Kg6 55. Bxf4 Kh7 56. Kf5 Kh8 57. Kg6 Kg8 58. Bd6 Kh8 59. f4 Kg8 60. f5 Kh8 61. f6 Kg8 62. f7+ Kh8 63. f8R# 1-0

[Event "DEN-ch G5-1"]
[Site "Svendborg"]
[Date "2018.03.28"]
[Round "5"]
[White "Nielsen, Ture Jungberg"]
[Black "Jorgensen, Orla Eilegaard"]
[Result "1-0"]
[WhiteElo "1599"]
[BlackElo "1659"]
[PlyCount "41"]
[EventDate "2018.03.24"]
[EventType "swiss"]
[EventRounds "5"]
[EventCountry "DEN"]
[SourceTitle "EXT 2019"]
[Source "ChessBase"]
[SourceDate "2018.10.10"]
[SourceVersion "1"]
[SourceVersionDate "2018.10.10"]
[SourceQuality "1"]

1. e4 b6 2. d4 Bb7 3. Nc3 e6 4. Nf3 Bb4 5. Bd3 Nf6 6. Qe2 Bxc3+ 7. bxc3 0-0 8. Bg5 Re8 9. e5 h6 10. Bh4 g5 11. Nxg5 Nd5 12. Nf3 Nf4 13. Qf1 Qc8 14. g3 Ng6 15. Bxg6 Bxf3 16. Bxf7+ Kxf7 17. Qd3 Bxh1 18. Qh7+ Kf8 19. Qxh6+ Kg8 20. Bf6 Re7 21. Qh8+ 1-0